Statistics for Guess That Song! - 2021 Hits

Click here to take the quiz!

General Stats

  • This quiz has been taken 194 times
  • The average score is 4 of 14

Answer Stats

LyricsSong% Correct
Call me when you want, call me when you need. Call me in the morning, I'll be on the wayMontero (Call Me By Your Name)
83%
I do the same thing I told you that I never would. I told you I'd change, even when I knew I never couldStay
64%
And you're probably with that blonde girl who always made me doubt.
She's so much older than me.
Driver's License
60%
Swearin' this will be the last, but it probably won't. I got nothin' left to lose, or use, or doBad Habits
44%
You call me again, drunk in your Benz. Drivin' home under the influence.Happier Than Ever
28%
I likе to say, "What if?", but if we could kiss and just cut the rubbish.
Then I might bе onto somethin'
Kiss Me More
23%
Yeah, talkin' all the s*** that you done been through. Yeah, say that you a lesbian, girl, me tooGirls Want Girls
20%
I ain't jokin', do it sound like I'm kiddin'? I been makin' like two thousand a minuteRapstar
17%
Ooh, when I look in the mirror I'll melt your heart into two. I got that superstar glowButter
15%
There's nothing like your touch. It’s the way you lift me up, yeah.
And I'll be right here with you 'til the end of time
Peaches
12%
Smokin' on your top five tonight. Yeah, I'm smokin' on your, what's his name, tonightFamily Ties
11%
Because I'm the devil who's searching for redemption and I'm a lawyer who's searching for redemptionI Wanna Be Your Slave
10%
I won't bite unless you like. If you smoke I got the haze. And if you're hungry, girl, I got filets.Leave The Door Open
8%
Eighty degrees, warm it up for me. Finally free, found the God in meHurricane
6%

Score Distribution

Percentile by Number Answered

Percent of People with Each Score

Your Score History

You have not taken this quiz